Los imprevistos de la historia / (Record no. 119443)

MARC details
000 -LEADER
fixed length control field 00715nam a22002297a 4500
005 - DATE AND TIME OF LATEST TRANSACTION
control field 20160811110623.0
008 - FIXED-LENGTH DATA ELEMENTS--GENERAL INFORMATION
fixed length control field 160811b sp ||||| |||| 00| 0 spa d
020 ## - INTERNATIONAL STANDARD BOOK NUMBER
International Standard Book Number 8430116036
050 04 - LIBRARY OF CONGRESS CALL NUMBER
Classification number D16.8
Item number L48 2006
100 1# - MAIN ENTRY--PERSONAL NAME
Personal name Lévinas, Emmanuel
245 14 - TITLE STATEMENT
Title Los imprevistos de la historia /
Statement of responsibility, etc Lévinas, Emmanuel aut.; Checchi, Tania tr.
250 ## - EDITION STATEMENT
Edition statement 1a ed.
260 ## - PUBLICATION, DISTRIBUTION, ETC. (IMPRINT)
Place of publication, distribution, etc Salamanca, España :
Name of publisher, distributor, etc Sígueme,
Date of publication, distribution, etc 2006.
300 ## - PHYSICAL DESCRIPTION
Extent 206 p. ;
Dimensions 21 cm.
490 #0 - SERIES STATEMENT
Series statement Hermeneia,
Volume number/sequential designation 68.
500 ## - GENERAL NOTE
General note Traducción de : Les Imprévus de l´ Histoire
504 ## - BIBLIOGRAPHY, ETC. NOTE
Bibliography, etc Incluye índice
650 #4 - SUBJECT ADDED ENTRY--TOPICAL TERM
Topical term or geographic name as entry element Filsofía
General subdivision Historia
650 #4 - SUBJECT ADDED ENTRY--TOPICAL TERM
Topical term or geographic name as entry element Filosofía de la historia
700 1# - ADDED ENTRY--PERSONAL NAME
Personal name Checchi, Tania
Relator term tr.
942 ## - ADDED ENTRY ELEMENTS (KOHA)
Source of classification or shelving scheme Biblioteca del Cogreso de los Estados Unidos
Koha item type Libro
Holdings
Estado de pérdida Fuente de clasificación Estado del daño No para préstamo Ubicación permanente Ubicación actual Apartado o colección Fecha de adquisición Fuente de adquisición Edición Dependencia de educación superior (DES) Área del conocimiento Clasificación Código de Barras Date last seen Número de copia Tipo de recurso
  Biblioteca del Cogreso de los Estados Unidos     Biblioteca de la Facultad de Filosofía Biblioteca de la Facultad de Filosofía General 11/08/2016 Unidad Académica Genérico 1a ed. Humanidades Educación y Humanidades D16.8 L48 2006 BFF000018029 11/08/2016 C:1 Libro